Výletní soutěž o plaketu "Poznal svou vlast"

Jazyk: Čeština
Vydáno: Praha : Bratří Zikmundové, [1934]
Edice: BZ cesty
Startujeme do přírody
Výletní služba BZ
Témata:
Externí odkaz: Digitalizovaný dokument
Fyzický popis: 1 mapa : barev. ; 15 x 32 cm, na listu 15 x 64 cm, složeno na 20 x 17 cm
Mapy
Uloženo v:
LEADER 01540nem a2200409 a 4500
001 000474647
003 CZ BrMZK
005 20141201150448.0
007 aj|canzn
008 000105s1934 xr a 0 cze d
034 1 |a a  |b 3200000  |d E0120300  |e E0243900  |f N0510400  |g N0474200 
040 |a BOA001  |b cze 
043 |a e-cs--- 
072 7 |a 796  |x Sport. Hry. Tělesná cvičení  |2 Konspekt  |9 20 
072 7 |a 912  |x Mapy. Atlasy. Glóby  |2 Konspekt  |9 7 
080 |a 796.57:629.331  |2 MRF 
080 |a 913(437)  |2 MRF 
080 |a (084.3)  |2 MRF 
245 0 0 |a Výletní soutěž o plaketu "Poznal svou vlast"  |h [kartografický dokument] 
255 |a Měřítko [ca 1:3 200 000]  |c (12°03´00" v.d.--24°39´00" v.d./51°04´00" s.š.--47°42´00" s.š.) 
260 |a Praha :  |b Bratří Zikmundové,  |c [1934] 
300 |a 1 mapa :  |b barev. ;  |c 15 x 32 cm, na listu 15 x 64 cm, složeno na 20 x 17 cm 
490 1 |a BZ cesty ;  |v 10/34 
490 1 |a Startujeme do přírody 
490 1 |a Výletní služba BZ 
500 |a Klad listů k listům automapy bratří Zikmundů 
500 |a Obsahuje soutěžní kupony 
650 0 7 |a autoturistika  |7 ph391048  |2 czenas 
655 7 |a automapy  |7 fd131856  |2 czenas 
651 7 |a Československo  |7 ge131689  |2 czenas 
830 0 |a BZ cesty 
830 0 |a Startujeme do přírody 
830 0 |a Výletní služba BZ 
856 4 1 |u http://www.digitalniknihovna.cz/mzk/uuid/uuid:fc66defe-7a2a-41e4-9406-f3d013f35a6a  |y Digitalizovaný dokument 
910 |a BOA001  |b Skř.9A-0972.056,2 
990 |a MP 
991 |b 201409